| 000 | 00919nam a22002537a 4500 | ||
|---|---|---|---|
| 001 | 44991 | ||
| 003 | BD-RjUL | ||
| 005 | 20211209053939.0 | ||
| 008 | 160721s1951 ii ||||| |||| 001 0 ben d | ||
| 020 | _c: TK 5.00 | ||
| 035 | _a(BD-RjUL)45109 | ||
| 040 |
_aBD-RjUL _bben _cBD-RjUL |
||
| 041 | _aben | ||
| 082 |
_223 _a891.4408 _bODS 1951 |
||
| 100 | 1 |
_aওদুদ, কাজী আবদুল _9126192 |
|
| 245 | 1 | 0 |
_aশাশ্বত বঙ্গ / _cকাজী আবদুল ওদুদ |
| 250 | _a১ম সং | ||
| 260 |
_aকলিকাতা : _bকাজী খুরশীদ বখত, _c১৯৫১ |
||
| 300 |
_a৫০৫ পৃ. ; _c২১ সেমি. |
||
| 500 | _aনির্দেশিকা সংযুক্ত | ||
| 650 |
_aবাংলা সাহিত্য _xসংগ্রহ _9122902 |
||
| 650 |
_aBengali Literature _xCollection _9122903 |
||
| 942 |
_2ddc _cBK |
||
| 999 |
_c44991 _d44991 |
||